000
00222 a2200097 4500
001
48610
100
_a
Quill, Jeffrey
245
_a
Spit five a test pilot story
260
_a
London
_b
John Murray
_c
090
_c
31537
_d
31537
942
_a
NUST-CAE
_c
M
_c
23933
999
_c
283683
_d
283683